Top 25 NBA Players of All Time - my opinion - Statistics

General Stats
  • This quiz has been taken 32 times
  • The average score is 17 of 25
Answer Stats
Hint Answer % Correct
2 (current) LeBron James
96%
4 Kobe Bryant
92%
7 Larry Bird
88%
9 (current) Stephen Curry
84%
5 Bill Russell
80%
3 Kareem Abdul-Jabbar
80%
8 Magic Johnson
80%
1 Michael Jordan
80%
19 Moses Malone
80%
13 (current) Kevin Durant
76%
10 Wilt Chamberlain
76%
15 Karl Malone
72%
11 Hakeem Olajuwon
68%
17 Kevin Garnett
68%
12 Shaquille O'Neal
68%
21 Julius Erving
64%
20 Dwyane Wade
60%
16 (current) Giannis Antetokounmpo
60%
23 (current) Kawhi Leonard
56%
6 Tim Duncan
56%
24 Charles Barkley
52%
18 Oscar Robertson
52%
25 Allen Iverson
40%
22 John Stockton
40%
14 Dirk Nowitski
28%
No matching quizzes found
Score Distribution
Percent of People with Each Score
Percentile by Number Answered
Your Score History
You have not taken this quiz